| 000 | 00932cam a2200253 a 4500 | ||
|---|---|---|---|
| 001 | 12591271 | ||
| 005 | 20250322105624.0 | ||
| 008 | 011116s2003 njua b 001 0 eng | ||
| 020 | _a0130617083 (pbk.) | ||
| 020 | _a9780130617088 | ||
| 050 | 0 | 0 |
_aLB1737.5.U6 _bK45 2003 |
| 082 | 0 | 0 |
_a373.236/0973 _221 |
| 100 | 1 |
_aKellough, Richard D. _q(Richard Dean) |
|
| 245 | 1 | 0 |
_aTeaching young adolescents : _ba guide to methods and resources / _cRichard D. Kellough, Noreen G. Kellough. |
| 250 | _a4th ed. | ||
| 260 |
_aUpper Saddle River, N.J. : _bMerrill/Prentice Hall, _cc2003. |
||
| 300 |
_axx, 427 p. : _bill. ; _c28 cm. |
||
| 500 | _aRev. ed. of: Middle school teaching. 3rd ed. c1999. | ||
| 650 | 0 |
_aMiddle school teaching _zUnited States. |
|
| 650 | 0 |
_aMiddle schools _zUnited States. |
|
| 700 | 1 | _aKellough, Noreen G. | |
| 700 | 1 |
_aKellough, Richard D. _q(Richard Dean) _tMiddle school teaching. |
|
| 942 |
_2lcc _cBK _e4th Ed. _n0 |
||
| 999 |
_c5069 _d5069 |
||